| 000 | 00388nam a2200157Ia 4500 | ||
|---|---|---|---|
| 005 | 20250428163922.0 | ||
| 008 | 231217s9999 xx 000 0 und d | ||
| 020 | _a9780071133838 | ||
| 082 | _a001.640403 MCD;3 | ||
| 100 | _aMcDaniel, George. | ||
| 245 | 0 | _aIBM dictionary of computing | |
| 260 |
_c1994 _bMacgraw-hill _aNew York |
||
| 300 | _axi+758 | ||
| 650 | _aabc | ||
| 942 | _cAA | ||
| 999 |
_c182296 _d182296 |
||